[Event "181st Stay Safe Play From Home series"]
[Site "T#646401Emanuel Laske"]
[Date "2020.05.28"]
[Round "7"]
[White "Weltszmerc"]
[Black "Tunca"]
[Result "0-1"]
[WhiteElo "2025"]
[BlackElo "1818"]
[Annotator "NA"]
[PlyCount "102"]
[EventDate "2020.05.28"]
[EventType "swiss (blitz)"]

1. d4 {[%emt 0:00:01]} d6 {[%emt 0:00:01]} 2. c4 {[%emt 0:00:00]} e5 {[%emt 0:00:01]} 3. dxe5 {[%emt 0:00:01]} dxe5 {[%emt 0:00:00]} 4. Qxd8+ {[%emt 0:00:01]} Kxd8 {[%emt 0:00:00]} 5. f4 {[%emt 0:00:00]} Nc6 {[%emt 0:00:04]} 6. a3 {[%emt 0:00:02]} Be6 {[%emt 0:00:01]} 7. e3 {[%emt 0:00:01]} Bd6 {[%emt 0:00:02]} 8. Nf3 {[%emt 0:00:03]} exf4 {[%emt 0:00:01]} 9. exf4 {[%emt 0:00:01]} Nf6 {[%emt 0:00:01]} 10. Be2 {[%emt 0:00:01]} Na5 {[%emt 0:00:02]} 11. Nbd2 {[%emt 0:00:03]} Re8 {[%emt 0:00:07]} 12. b4 {[%emt 0:00:02]} Nc6 {[%emt 0:00:02]} 13. g3 {[%emt 0:00:02]} Bf5 {[%emt 0:00:04]} 14. c5 {[%emt 0:00:07]} Bd3 {[%emt 0:00:05]} 15. Ng1 {[%emt 0:00:04]} Bf8 {[%emt 0:00:03]} 16. Kf1 {[%emt 0:00:02]} Bxe2+ {[%emt 0:00:05]} 17. Nxe2 {[%emt 0:00:00]} Ng4 {[%emt 0:00:01]} 18. Bb2 {[%emt 0:00:04]} Ne3+ {[%emt 0:00:01]} 19. Kf2 {[%emt 0:00:01]} Nc4 {[%emt 0:00:02]} 20. Nxc4 {[%emt 0:00:02]} Kc8 {[%emt 0:00:02]} 21. Rad1 {[%emt 0:00:01]} b6 {[%emt 0:00:01]} 22. b5 {[%emt 0:00:04]} Na5 {[%emt 0:00:01]} 23. c6 {[%emt 0:00:02]} Nxc4 {[%emt 0:00:01]} 24. Bc1 {[%emt 0:00:02]} Bc5+ {[%emt 0:00:01]} 25. Kf3 {[%emt 0:00:01]} Nxa3 {[%emt 0:00:02]} 26. Bxa3 {[%emt 0:00:02]} Bxa3 {[%emt 0:00:00]} 27. Rd3 {[%emt 0:00:01]} Bd6 {[%emt 0:00:00]} 28. Rhd1 {[%emt 0:00:01]} a6 {[%emt 0:00:00]} 29. Nd4 {[%emt 0:00:00]} axb5 {[%emt 0:00:01]} 30. Nxb5 {[%emt 0:00:00]} Re6 {[%emt 0:00:01]} 31. Nxd6+ {[%emt 0:00:01]} Rxd6 {[%emt 0:00:00]} 32. Rxd6 {[%emt 0:00:01]} cxd6 {[%emt 0:00:00]} 33. Rxd6 {[%emt 0:00:01]} Kc7 {[%emt 0:00:00]} 34. Rd7+ {[%emt 0:00:01]} Kxc6 {[%emt 0:00:00]} 35. Rxf7 {[%emt 0:00:00]} Ra3+ {[%emt 0:00:00]} 36. Kg4 {[%emt 0:00:01]} Rd3 {[%emt 0:00:01]} 37. Rxg7 {[%emt 0:00:01]} b5 {[%emt 0:00:00]} 38. Rxh7 {[%emt 0:00:00]} b4 {[%emt 0:00:00]} 39. Rh6+ {[%emt 0:00:00]} Rd6 {[%emt 0:00:01]} 40. Rh8 {[%emt 0:00:00]} b3 {[%emt 0:00:01]} 41. Rb8 {[%emt 0:00:00]} Rd3 {[%emt 0:00:02]} 42. f5 {[%emt 0:00:00]} Kc5 {[%emt 0:00:00]} 43. Kg5 {[%emt 0:00:00]} Kc4 {[%emt 0:00:00]} 44. g4 {[%emt 0:00:00]} Kc3 {[%emt 0:00:00]} 45. h4 {[%emt 0:00:00]} Kc2 {[%emt 0:00:00]} 46. f6 {[%emt 0:00:01]} b2 {[%emt 0:00:00]} 47. Rxb2+ {[%emt 0:00:01]} Kxb2 {[%emt 0:00:01]} 48. f7 {[%emt 0:00:00]} Kc3 {[%emt 0:00:00]} 49. f8=Q {[%emt 0:00:01]} Kc4 {[%emt 0:00:00]} 50. Qf4+ {[%emt 0:00:00]} Kc5 {[%emt 0:00:01]} 51. Qf5+ {[%emt 0:00:00]} Rd5 {[%emt 0:00:00] Czas partii (Lag: Av=0.69s, max=1.2s)} 0-1

[Event "181st Stay Safe Play From Home series"]
[Site "T#646401Emanuel Laske"]
[Date "2020.05.28"]
[Round "7"]
[White "VotaryRoma"]
[Black "SoulofWolf"]
[Result "1/2-1/2"]
[WhiteElo "1920"]
[BlackElo "2113"]
[Annotator "NA"]
[PlyCount "134"]
[EventDate "2020.05.28"]
[EventType "swiss (blitz)"]

1. Nf3 {[%emt 0:00:02]} c5 {[%emt 0:00:00]} 2. g3 {[%emt 0:00:00]} e6 {[%emt 0:00:00]} 3. Bg2 {[%emt 0:00:00]} Nf6 {[%emt 0:00:01]} 4. O-O {[%emt 0:00:00]} Be7 {[%emt 0:00:00]} 5. c4 {[%emt 0:00:00]} O-O {[%emt 0:00:00]} 6. Nc3 {[%emt 0:00:00]} d5 {[%emt 0:00:00]} 7. e4 {[%emt 0:00:00]} d4 {[%emt 0:00:00]} 8. Nb1 {[%emt 0:00:02]} Nc6 {[%emt 0:00:00]} 9. d3 {[%emt 0:00:00]} Qc7 {[%emt 0:00:01]} 10. Nbd2 {[%emt 0:00:01]} h6 {[%emt 0:00:01]} 11. Nb3 {[%emt 0:00:00]} a5 {[%emt 0:00:01]} 12. Bf4 {[%emt 0:00:02]} e5 {[%emt 0:00:02]} 13. Bd2 {[%emt 0:00:01]} a4 {[%emt 0:00:00]} 14. Nc1 {[%emt 0:00:00]} b6 {[%emt 0:00:00]} 15. Rb1 {[%emt 0:00:00]} Bg4 {[%emt 0:00:01]} 16. h3 {[%emt 0:00:01]} Bh5 {[%emt 0:00:00]} 17. g4 {[%emt 0:00:02]} Bg6 {[%emt 0:00:02]} 18. Nh4 {[%emt 0:00:00]} Bh7 {[%emt 0:00:01]} 19. f4 {[%emt 0:00:00]} Bd6 {[%emt 0:00:01]} 20. f5 {[%emt 0:00:01]} Nd7 {[%emt 0:00:04]} 21. g5 {[%emt 0:00:01]} hxg5 {[%emt 0:00:01]} 22. Bxg5 {[%emt 0:00:00]} f6 {[%emt 0:00:00]} 23. Bd2 {[%emt 0:00:01]} Rfe8 {[%emt 0:00:02]} 24. Qh5 {[%emt 0:00:00]} Nf8 {[%emt 0:00:01]} 25. Ng6 {[%emt 0:00:00]} Qf7 {[%emt 0:00:02]} 26. Kh1 {[%emt 0:00:03]} Nxg6 {[%emt 0:00:01]} 27. fxg6 {[%emt 0:00:00]} Bxg6 {[%emt 0:00:00]} 28. Qh4 {[%emt 0:00:01]} Kf8 {[%emt 0:00:01]} 29. Rg1 {[%emt 0:00:01]} Ke7 {[%emt 0:00:01]} 30. Qg3 {[%emt 0:00:02]} Rh8 {[%emt 0:00:01]} 31. Bf1 {[%emt 0:00:01]} Bh5 {[%emt 0:00:05]} 32. Qxg7 {[%emt 0:00:01]} Rag8 {[%emt 0:00:04]} 33. Qxf7+ {[%emt 0:00:01]} Kxf7 {[%emt 0:00:00]} 34. Rxg8 {[%emt 0:00:01]} Rxg8 {[%emt 0:00:00]} 35. Bg2 {[%emt 0:00:01]} f5 {[%emt 0:00:03]} 36. exf5 {[%emt 0:00:01]} Ne7 {[%emt 0:00:01]} 37. Be4 {[%emt 0:00:02]} Rg7 {[%emt 0:00:05]} 38. Be1 {[%emt 0:00:02]} Ng8 {[%emt 0:00:01]} 39. Bh4 {[%emt 0:00:02]} Nf6 {[%emt 0:00:00]} 40. Bxf6 {[%emt 0:00:01]} Kxf6 {[%emt 0:00:00]} 41. b3 {[%emt 0:00:00]} a3 {[%emt 0:00:02]} 42. b4 {[%emt 0:00:01]} cxb4 {[%emt 0:00:02]} 43. Nb3 {[%emt 0:00:00]} Bc5 {[%emt 0:00:01]} 44. Rf1 {[%emt 0:00:03]} Rg3 {[%emt 0:00:01]} 45. Kh2 {[%emt 0:00:01]} Re3 {[%emt 0:00:01]} 46. Rg1 {[%emt 0:00:01]} Bf7 {[%emt 0:00:01]} 47. h4 {[%emt 0:00:02]} Re2+ {[%emt 0:00:01]} 48. Kh1 {[%emt 0:00:01]} Rxa2 {[%emt 0:00:01]} 49. h5 {[%emt 0:00:01]} Bxh5 {[%emt 0:00:01]} 50. Rg8 {[%emt 0:00:00]} Bf7 {[%emt 0:00:01]} 51. Rh8 {[%emt 0:00:01]} Rb2 {[%emt 0:00:00]} 52. Rh6+ {[%emt 0:00:00]} Kg7 {[%emt 0:00:00]} 53. Rh4 {[%emt 0:00:04]} Rb1+ {[%emt 0:00:00]} 54. Kh2 {[%emt 0:00:01]} Rxb3 {[%emt 0:00:00]} 55. f6+ {[%emt 0:00:00]} Kxf6 {[%emt 0:00:01]} 56. Rh6+ {[%emt 0:00:00]} Ke7 {[%emt 0:00:00]} 57. Rc6 {[%emt 0:00:01]} Rb2+ {[%emt 0:00:00]} 58. Kh3 {[%emt 0:00:01]} a2 {[%emt 0:00:00]} 59. Rc7+ {[%emt 0:00:00]} Kf8 {[%emt 0:00:00]} 60. Rb7 {[%emt 0:00:00]} Kg7 {[%emt 0:00:00]} 61. Rb8 {[%emt 0:00:00]} a1=Q {[%emt 0:00:00]} 62. Rh8 {[%emt 0:00:01]} Qf1+ {[%emt 0:00:01]} 63. Kg3 {[%emt 0:00:01]} Rf2 {[%emt 0:00:00]} 64. Kh4 {[%emt 0:00:00]} Qg1 {[%emt 0:00:00]} 65. Rg8+ {[%emt 0:00:01]} Kxg8 {[%emt 0:00:02]} 66. Bf5 {[%emt 0:00:00]} Kf8 {[%emt 0:00:00] '} 67. Bh3 {[%emt 0:00:00]} Rh2 {[%emt 0:00:00] (Lag: Av=0.37s, max=1.3s)} 1/2-1/2

[Event "181st Stay Safe Play From Home series"]
[Site "T#646401Emanuel Laske"]
[Date "2020.05.28"]
[Round "7"]
[White "Emresenar"]
[Black "Majstor-resa"]
[Result "1-0"]
[WhiteElo "1760"]
[BlackElo "1653"]
[Annotator "NA"]
[PlyCount "59"]
[EventDate "2020.05.28"]
[EventType "swiss (blitz)"]

1. e4 {[%emt 0:00:02]} d5 {[%emt 0:00:00]} 2. exd5 {[%emt 0:00:01]} Qxd5 {[%emt 0:00:01]} 3. Nc3 {[%emt 0:00:01]} Qa5 {[%emt 0:00:01]} 4. Nf3 {[%emt 0:00:00]} Nf6 {[%emt 0:00:00]} 5. Bc4 {[%emt 0:00:01]} Bg4 {[%emt 0:00:00]} 6. d4 {[%emt 0:00:01]} Nc6 {[%emt 0:00:01]} 7. Bd2 {[%emt 0:00:01]} Nxd4 {[%emt 0:00:03]} 8. Nd5 {[%emt 0:00:06]} Qc5 {[%emt 0:00:04]} 9. Nxf6+ {[%emt 0:00:09]} gxf6 {[%emt 0:00:02]} 10. Be2 {[%emt 0:00:06]} Bxf3 {[%emt 0:00:06]} 11. Bxf3 {[%emt 0:00:00]} O-O-O {[%emt 0:00:01]} 12. c3 {[%emt 0:00:05]} Nxf3+ {[%emt 0:00:04]} 13. Qxf3 {[%emt 0:00:00]} e5 {[%emt 0:00:03]} 14. O-O-O {[%emt 0:00:03]} Be7 {[%emt 0:00:04]} 15. Be3 {[%emt 0:00:01]} Qa5 {[%emt 0:00:01]} 16. Kb1 {[%emt 0:00:02]} Rd6 {[%emt 0:00:04]} 17. Qf5+ {[%emt 0:00:03]} Kb8 {[%emt 0:00:02]} 18. Qc2 {[%emt 0:00:01]} Ra6 {[%emt 0:00:02]} 19. b3 {[%emt 0:00:05]} f5 {[%emt 0:00:02]} 20. c4 {[%emt 0:00:02]} f4 {[%emt 0:00:01]} 21. Rd5 {[%emt 0:00:02]} Qb4 {[%emt 0:00:03]} 22. Bd2 {[%emt 0:00:01]} Qb6 {[%emt 0:00:01]} 23. Rxe5 {[%emt 0:00:01]} Bf6 {[%emt 0:00:01]} 24. Re2 {[%emt 0:00:02]} Rd8 {[%emt 0:00:03]} 25. Bc3 {[%emt 0:00:00]} Bg5 {[%emt 0:00:03]} 26. Rhe1 {[%emt 0:00:01]} Qc5 {[%emt 0:00:03]} 27. Re8 {[%emt 0:00:01]} Rad6 {[%emt 0:00:01]} 28. Rxd8+ {[%emt 0:00:01]} Rxd8 {[%emt 0:00:01]} 29. Qe2 {[%emt 0:00:00]} Qd6 {[%emt 0:00:01]} 30. Be5 {[%emt 0:00:00] ' Zeit (Lag: Av=0.56s, max=0.7s)} 1-0

[Event "181st Stay Safe Play From Home series"]
[Site "T#646401Emanuel Laske"]
[Date "2020.05.28"]
[Round "7"]
[White "Trotsky"]
[Black "Tobo Rubirosa"]
[Result "0-1"]
[WhiteElo "1589"]
[BlackElo "1466"]
[Annotator "NA"]
[PlyCount "40"]
[EventDate "2020.05.28"]
[EventType "swiss (blitz)"]

1. d4 {[%emt 0:00:01]} Nf6 {[%emt 0:00:02]} 2. e3 {[%emt 0:00:00]} g6 {[%emt 0:00:00]} 3. c4 {[%emt 0:00:00]} Bg7 {[%emt 0:00:01]} 4. Nc3 {[%emt 0:00:00]} O-O {[%emt 0:00:01]} 5. Bd3 {[%emt 0:00:01]} d6 {[%emt 0:00:01]} 6. Qc2 {[%emt 0:00:00]} c5 {[%emt 0:00:00]} 7. Nf3 {[%emt 0:00:02]} Nc6 {[%emt 0:00:00]} 8. d5 {[%emt 0:00:02]} Ne5 {[%emt 0:00:06]} 9. Ng5 {[%emt 0:00:03]} Nxd3+ {[%emt 0:00:02]} 10. Qxd3 {[%emt 0:00:01]} h6 {[%emt 0:00:00]} 11. h4 {[%emt 0:00:01]} hxg5 {[%emt 0:00:04]} 12. hxg5 {[%emt 0:00:01]} Nh5 {[%emt 0:00:00]} 13. e4 {[%emt 0:00:03]} e6 {[%emt 0:00:03]} 14. Be3 {[%emt 0:00:01]} exd5 {[%emt 0:00:01]} 15. O-O-O {[%emt 0:00:01]} d4 {[%emt 0:00:02]} 16. f3 {[%emt 0:00:04]} dxc3 {[%emt 0:00:01]} 17. bxc3 {[%emt 0:00:01]} Qa5 {[%emt 0:00:02]} 18. Kb1 {[%emt 0:00:04]} Bxc3 {[%emt 0:00:03]} 19. Bd2 {[%emt 0:00:03]} Qb4+ {[%emt 0:00:02]} 20. Kc1 {[%emt 0:00:03]} Qb2# {[%emt 0:00:05] (Lag: Av=1.08s, max=3.9s)} 0-1

[Event "181st Stay Safe Play From Home series"]
[Site "T#646401Emanuel Laske"]
[Date "2020.05.28"]
[Round "8"]
[White "Little champs"]
[Black "Lazieri3"]
[Result "1-0"]
[WhiteElo "2185"]
[BlackElo "2053"]
[Annotator "NA"]
[PlyCount "101"]
[EventDate "2020.05.28"]
[EventType "swiss (blitz)"]

1. e4 {[%emt 0:00:01]} c6 {[%emt 0:00:00]} 2. Nc3 {[%emt 0:00:00]} d5 {[%emt 0:00:00]} 3. exd5 {[%emt 0:00:01]} cxd5 {[%emt 0:00:00]} 4. d4 {[%emt 0:00:00]} Nc6 {[%emt 0:00:01]} 5. Nf3 {[%emt 0:00:01]} Nf6 {[%emt 0:00:00]} 6. Be2 {[%emt 0:00:00]} Bf5 {[%emt 0:00:01]} 7. O-O {[%emt 0:00:00]} e6 {[%emt 0:00:00]} 8. Bf4 {[%emt 0:00:01]} Bd6 {[%emt 0:00:01]} 9. Bxd6 {[%emt 0:00:02]} Qxd6 {[%emt 0:00:00]} 10. Bd3 {[%emt 0:00:01]} Bxd3 {[%emt 0:00:01]} 11. Qxd3 {[%emt 0:00:01]} O-O {[%emt 0:00:00]} 12. Rfe1 {[%emt 0:00:00]} h6 {[%emt 0:00:01]} 13. Ne5 {[%emt 0:00:01]} Rac8 {[%emt 0:00:01]} 14. a3 {[%emt 0:00:01]} Rfd8 {[%emt 0:00:00]} 15. Re3 {[%emt 0:00:01]} a6 {[%emt 0:00:01]} 16. Rae1 {[%emt 0:00:01]} Nd7 {[%emt 0:00:01]} 17. Nxf7 {[%emt 0:00:02]} Kxf7 {[%emt 0:00:01]} 18. Rxe6 {[%emt 0:00:01]} Qf4 {[%emt 0:00:03]} 19. Qg6+ {[%emt 0:00:03]} Kg8 {[%emt 0:00:04]} 20. Nxd5 {[%emt 0:00:01]} Qf7 {[%emt 0:00:04]} 21. Qg4 {[%emt 0:00:05]} Rf8 {[%emt 0:00:03]} 22. f3 {[%emt 0:00:01]} Nf6 {[%emt 0:00:02]} 23. Nxf6+ {[%emt 0:00:01]} Kh8 {[%emt 0:00:01]} 24. Nh5 {[%emt 0:00:01]} Nxd4 {[%emt 0:00:03]} 25. Qxd4 {[%emt 0:00:01]} Qxh5 {[%emt 0:00:01]} 26. Re7 {[%emt 0:00:01]} Qg6 {[%emt 0:00:02]} 27. R1e2 {[%emt 0:00:02]} Rcd8 {[%emt 0:00:01]} 28. Qe4 {[%emt 0:00:02]} Rd1+ {[%emt 0:00:01]} 29. Kf2 {[%emt 0:00:01]} Qb6+ {[%emt 0:00:01]} 30. Qe3 {[%emt 0:00:03]} Qxe3+ {[%emt 0:00:01]} 31. R2xe3 {[%emt 0:00:02]} Rd2+ {[%emt 0:00:02]} 32. Re2 {[%emt 0:00:00]} Rxe2+ {[%emt 0:00:02]} 33. Kxe2 {[%emt 0:00:01]} Rc8 {[%emt 0:00:01]} 34. c3 {[%emt 0:00:01]} b5 {[%emt 0:00:01]} 35. Ra7 {[%emt 0:00:01]} Rc6 {[%emt 0:00:01]} 36. Kd3 {[%emt 0:00:00]} Rd6+ {[%emt 0:00:01]} 37. Kc2 {[%emt 0:00:01]} Re6 {[%emt 0:00:01]} 38. Kb3 {[%emt 0:00:00]} Re2 {[%emt 0:00:01]} 39. Rxa6 {[%emt 0:00:01]} Rxg2 {[%emt 0:00:00]} 40. Rb6 {[%emt 0:00:00]} Rxh2 {[%emt 0:00:01]} 41. Rxb5 {[%emt 0:00:01]} h5 {[%emt 0:00:00]} 42. a4 {[%emt 0:00:00]} h4 {[%emt 0:00:00]} 43. a5 {[%emt 0:00:00]} Rh1 {[%emt 0:00:02]} 44. a6 {[%emt 0:00:00]} Kh7 {[%emt 0:00:01]} 45. Ra5 {[%emt 0:00:01]} Rh3 {[%emt 0:00:03]} 46. a7 {[%emt 0:00:00]} Rxf3 {[%emt 0:00:00]} 47. a8=Q {[%emt 0:00:00]} g5 {[%emt 0:00:02]} 48. Qxf3 {[%emt 0:00:01]} Kh6 {[%emt 0:00:00]} 49. Ra6+ {[%emt 0:00:01]} Kg7 {[%emt 0:00:00]} 50. Qf6+ {[%emt 0:00:01]} Kh7 {[%emt 0:00:01]} 51. Ra7+ {[%emt 0:00:01] Lazieri3 resigns (Lag: Av=0.89s, max=5.5s)} 1-0

[Event "181st Stay Safe Play From Home series"]
[Site "T#646401Emanuel Laske"]
[Date "2020.05.28"]
[Round "8"]
[White "SoulofWolf"]
[Black "Lamborghini"]
[Result "1-0"]
[WhiteElo "2105"]
[BlackElo "2204"]
[PlyCount "113"]
[EventDate "2020.05.28"]
[EventType "swiss (blitz)"]

1. d4 {[%emt 0:00:00]} Nf6 {[%emt 0:00:02]} 2. Nf3 {[%emt 0:00:01]} g6 {[%emt 0:00:01]} 3. g3 {[%emt 0:00:00]} Bg7 {[%emt 0:00:01]} 4. Bg2 {[%emt 0:00:00]} O-O {[%emt 0:00:00]} 5. O-O {[%emt 0:00:00]} d6 {[%emt 0:00:00]} 6. c3 {[%emt 0:00:00]} c6 {[%emt 0:00:00]} 7. Nbd2 {[%emt 0:00:00]} Re8 {[%emt 0:00:01]} 8. Re1 {[%emt 0:00:00]} Nfd7 {[%emt 0:00:00]} 9. e4 {[%emt 0:00:00]} Nf8 {[%emt 0:00:00]} 10. Nf1 {[%emt 0:00:00]} Nbd7 {[%emt 0:00:01]} 11. Bg5 {[%emt 0:00:00]} h6 {[%emt 0:00:01]} 12. Be3 {[%emt 0:00:01]} Qc7 {[%emt 0:00:01]} 13. Qd2 {[%emt 0:00:00]} Kh7 {[%emt 0:00:01]} 14. h4 {[%emt 0:00:00]} e5 {[%emt 0:00:01]} 15. Rad1 {[%emt 0:00:00]} Nf6 {[%emt 0:00:02]} 16. N1h2 {[%emt 0:00:01]} Bg4 {[%emt 0:00:02]} 17. Qc2 {[%emt 0:00:01]} Bxf3 {[%emt 0:00:02]} 18. Bxf3 {[%emt 0:00:01]} Rad8 {[%emt 0:00:01]} 19. Rd2 {[%emt 0:00:01]} h5 {[%emt 0:00:01]} 20. Red1 {[%emt 0:00:01]} Ne6 {[%emt 0:00:01]} 21. b3 {[%emt 0:00:03]} exd4 {[%emt 0:00:01]} 22. cxd4 {[%emt 0:00:01]} c5 {[%emt 0:00:01]} 23. dxc5 {[%emt 0:00:09]} dxc5 {[%emt 0:00:01]} 24. Rxd8 {[%emt 0:00:00]} Rxd8 {[%emt 0:00:01]} 25. Rxd8 {[%emt 0:00:00]} Qxd8 {[%emt 0:00:02]} 26. Bxc5 {[%emt 0:00:01]} Nxc5 {[%emt 0:00:02]} 27. Qxc5 {[%emt 0:00:01]} Qd2 {[%emt 0:00:00]} 28. Kg2 {[%emt 0:00:00]} Nd7 {[%emt 0:00:02]} 29. Qe3 {[%emt 0:00:02]} Qxa2 {[%emt 0:00:02]} 30. g4 {[%emt 0:00:01]} Ne5 {[%emt 0:00:03]} 31. gxh5 {[%emt 0:00:01]} Bf6 {[%emt 0:00:02]} 32. hxg6+ {[%emt 0:00:01]} Nxg6 {[%emt 0:00:00]} 33. h5 {[%emt 0:00:04]} Nh4+ {[%emt 0:00:01]} 34. Kg3 {[%emt 0:00:00]} Qa5 {[%emt 0:00:02]} 35. Kh3 {[%emt 0:00:05]} Qe5 {[%emt 0:00:01]} 36. Bg4 {[%emt 0:00:01]} Bg5 {[%emt 0:00:02]} 37. Qg3 {[%emt 0:00:03]} Qf6 {[%emt 0:00:02]} 38. Bf5+ {[%emt 0:00:02]} Kh6 {[%emt 0:00:01]} 39. Ng4+ {[%emt 0:00:01]} Kxh5 {[%emt 0:00:02]} 40. Nxf6+ {[%emt 0:00:00]} Bxf6 {[%emt 0:00:01]} 41. Qg4+ {[%emt 0:00:02]} Kh6 {[%emt 0:00:01]} 42. e5 {[%emt 0:00:01]} Bxe5 {[%emt 0:00:02]} 43. Qxh4+ {[%emt 0:00:01]} Kg7 {[%emt 0:00:01]} 44. Qe4 {[%emt 0:00:00]} Kf6 {[%emt 0:00:00]} 45. Bg4 {[%emt 0:00:00]} Bd6 {[%emt 0:00:01]} 46. Qf5+ {[%emt 0:00:00]} Ke7 {[%emt 0:00:00]} 47. Qd7+ {[%emt 0:00:00]} Kf6 {[%emt 0:00:00]} 48. Qxb7 {[%emt 0:00:00]} Be5 {[%emt 0:00:01]} 49. Qxa7 {[%emt 0:00:01]} Kg5 {[%emt 0:00:00]} 50. Qe3+ {[%emt 0:00:01]} Kg6 {[%emt 0:00:02]} 51. Qe4+ {[%emt 0:00:00]} f5 {[%emt 0:00:00]} 52. Qxf5+ {[%emt 0:00:00]} Kh6 {[%emt 0:00:01]} 53. Qxe5 {[%emt 0:00:02]} Kg6 {[%emt 0:00:01]} 54. Qa5 {[%emt 0:00:00]} Kh6 {[%emt 0:00:00]} 55. Be2 {[%emt 0:00:00]} Kg6 {[%emt 0:00:01]} 56. Kg3 {[%emt 0:00:00]} Kh6 {[%emt 0:00:00]} 57. Kf4 {[%emt 0:00:00]} 1-0

[Event "181st Stay Safe Play From Home series"]
[Site "T#646401Emanuel Laske"]
[Date "2020.05.28"]
[Round "8"]
[White "Tunca"]
[Black "Broken sword"]
[Result "0-1"]
[WhiteElo "1844"]
[BlackElo "2503"]
[PlyCount "56"]
[EventDate "2020.05.28"]
[EventType "swiss (blitz)"]

1. e4 {[%emt 0:00:01]} c5 {[%emt 0:00:01]} 2. Nf3 {[%emt 0:00:01]} e6 {[%emt 0:00:00]} 3. d4 {[%emt 0:00:00]} a6 {[%emt 0:00:01]} 4. Nc3 {[%emt 0:00:02]} cxd4 {[%emt 0:00:00]} 5. Nxd4 {[%emt 0:00:01]} Nc6 {[%emt 0:00:00]} 6. Be3 {[%emt 0:00:02]} d6 {[%emt 0:00:01]} 7. Be2 {[%emt 0:00:01]} Nf6 {[%emt 0:00:01]} 8. O-O {[%emt 0:00:00]} Qc7 {[%emt 0:00:01]} 9. f4 {[%emt 0:00:01]} Bd7 {[%emt 0:00:01]} 10. Bf3 {[%emt 0:00:00]} Nxd4 {[%emt 0:00:00]} 11. Bxd4 {[%emt 0:00:01]} Bc6 {[%emt 0:00:00]} 12. Kh1 {[%emt 0:00:02]} Be7 {[%emt 0:00:01]} 13. Qe1 {[%emt 0:00:03]} h5 {[%emt 0:00:01]} 14. Rd1 {[%emt 0:00:01]} Ng4 {[%emt 0:00:01]} 15. Qg3 {[%emt 0:00:02]} O-O-O {[%emt 0:00:02]} 16. e5 {[%emt 0:00:04]} dxe5 {[%emt 0:00:01]} 17. Bxe5 {[%emt 0:00:04]} Nxe5 {[%emt 0:00:01]} 18. fxe5 {[%emt 0:00:00]} h4 {[%emt 0:00:01]} 19. Qf4 {[%emt 0:00:02]} Rdf8 {[%emt 0:00:02]} 20. Ne4 {[%emt 0:00:03]} g5 {[%emt 0:00:02]} 21. Qe3 {[%emt 0:00:02]} Bxe4 {[%emt 0:00:01]} 22. Bxe4 {[%emt 0:00:02]} g4 {[%emt 0:00:01]} 23. Rd3 {[%emt 0:00:02]} Kb8 {[%emt 0:00:01]} 24. Rc3 {[%emt 0:00:01]} Qd7 {[%emt 0:00:01]} 25. Qe2 {[%emt 0:00:03]} Rc8 {[%emt 0:00:01]} 26. Rd1 {[%emt 0:00:01]} Qa4 {[%emt 0:00:07]} 27. Rb3 {[%emt 0:00:01]} Rc7 {[%emt 0:00:01]} 28. Rd4 {[%emt 0:00:03]} Qxd4 {[%emt 0:00:03] Tunca resigns (Lag: Av=0.63s, max=4.4s)} 0-1

[Event "181st Stay Safe Play From Home series"]
[Site "T#646401Emanuel Laske"]
[Date "2020.05.28"]
[Round "8"]
[White "Emresenar"]
[Black "Weltszmerc"]
[Result "0-1"]
[WhiteElo "1772"]
[BlackElo "1999"]
[Annotator "NA"]
[PlyCount "82"]
[EventDate "2020.05.28"]
[EventType "swiss (blitz)"]

1. e4 {[%emt 0:00:01]} Nf6 {[%emt 0:00:00]} 2. Nc3 {[%emt 0:00:01]} d5 {[%emt 0:00:02]} 3. exd5 {[%emt 0:00:01]} Nxd5 {[%emt 0:00:00]} 4. Nge2 {[%emt 0:00:01]} Nxc3 {[%emt 0:00:01]} 5. Nxc3 {[%emt 0:00:00]} c5 {[%emt 0:00:00]} 6. Bb5+ {[%emt 0:00:01]} Nc6 {[%emt 0:00:01]} 7. Bxc6+ {[%emt 0:00:02]} bxc6 {[%emt 0:00:00]} 8. O-O {[%emt 0:00:00]} g6 {[%emt 0:00:01]} 9. Qf3 {[%emt 0:00:01]} Bd7 {[%emt 0:00:02]} 10. Re1 {[%emt 0:00:02]} Bg7 {[%emt 0:00:01]} 11. d3 {[%emt 0:00:01]} O-O {[%emt 0:00:01]} 12. Be3 {[%emt 0:00:03]} Qa5 {[%emt 0:00:04]} 13. Bd2 {[%emt 0:00:07]} e5 {[%emt 0:00:03]} 14. Ne4 {[%emt 0:00:04]} Qc7 {[%emt 0:00:05]} 15. Nf6+ {[%emt 0:00:03]} Kh8 {[%emt 0:00:00]} 16. Bc3 {[%emt 0:00:05]} Rfe8 {[%emt 0:00:03]} 17. Nxe8 {[%emt 0:00:05]} Rxe8 {[%emt 0:00:00]} 18. Qxf7 {[%emt 0:00:01]} Qd6 {[%emt 0:00:06]} 19. Qf3 {[%emt 0:00:06]} Be6 {[%emt 0:00:02]} 20. Re2 {[%emt 0:00:02]} Bd5 {[%emt 0:00:01]} 21. Qe3 {[%emt 0:00:01]} c4 {[%emt 0:00:02]} 22. f4 {[%emt 0:00:01]} cxd3 {[%emt 0:00:02]} 23. cxd3 {[%emt 0:00:02]} Qe6 {[%emt 0:00:07]} 24. fxe5 {[%emt 0:00:01]} Kg8 {[%emt 0:00:02]} 25. d4 {[%emt 0:00:01]} Qg4 {[%emt 0:00:01]} 26. Rf1 {[%emt 0:00:01]} h5 {[%emt 0:00:01]} 27. h3 {[%emt 0:00:01]} Qe6 {[%emt 0:00:01]} 28. Bb4 {[%emt 0:00:01]} a6 {[%emt 0:00:02]} 29. Ref2 {[%emt 0:00:01]} Bxa2 {[%emt 0:00:03]} 30. Bc5 {[%emt 0:00:01]} Bc4 {[%emt 0:00:02]} 31. Qg3 {[%emt 0:00:01]} Bd5 {[%emt 0:00:00]} 32. Rf3 {[%emt 0:00:01]} Bxf3 {[%emt 0:00:01]} 33. Rxf3 {[%emt 0:00:00]} Bf8 {[%emt 0:00:01]} 34. Rxf8+ {[%emt 0:00:00]} Rxf8 {[%emt 0:00:00]} 35. Qxg6+ {[%emt 0:00:01]} Qxg6 {[%emt 0:00:02]} 36. Bxf8 {[%emt 0:00:00]} Qb1+ {[%emt 0:00:01]} 37. Kh2 {[%emt 0:00:00]} Kxf8 {[%emt 0:00:00]} 38. g3 {[%emt 0:00:00]} Kf7 {[%emt 0:00:00]} 39. h4 {[%emt 0:00:00]} Ke6 {[%emt 0:00:00]} 40. Kh3 {[%emt 0:00:00]} Kf5 {[%emt 0:00:00]} 41. d5 {[%emt 0:00:00]} Qf1+ {[%emt 0:00:00] Zaman (Lag: Av=1.02s, max=5.0s)} 0-1